000 00794nam a2200217 ar4500
001 2527
005 20221127090504.0
008 110404 xxk a 00010 eng d
020 _a9780582498044
082 0 4 _a428.2407
_bC917 2002
100 1 _aCunningham, Sarah.
245 1 0 _aCutting edge.
_pStarter.
_pStudent's book /
_cS. Cunningham, Chris Redston, with Peter Moor.
260 _aHarlow, England :
_bPearson/Longman,
_c2002.
300 _a127 p. :
_bcol. ill. ;
_c30 cm.
_e5CDs.
500 _aAccompanied : Vocabulary book in pocket inside back cover.
650 4 _aEnglish language
_xStudy and teaching.
650 4 _aEnglish language
_vTextbooks for foreign speakers.
650 4 _aEnglish language
_vTextbooks.
700 0 _aRedston, Chris,
_ejt. auth.
700 0 _aMoor, Peter,
_ejt. auth.
999 _c2525
_d2525